USA First Ladies - Statistics

General Stats
  • This quiz has been taken 199 times
  • The average score is 32 of 44
Answer Stats
Husband Answer % Correct
Obama Michelle
96%
Clinton Hillary
94%
Washington Martha
92%
Jefferson Martha
92%
Lincoln Mary
92%
Kennedy Jacqueline
91%
H. W. Bush Barbara
90%
Reagan Nancy
90%
W. Bush Laura
87%
Ford Betty
85%
Johnson Eliza
85%
Rosevelt Eleanor
83%
Johnson Lady Bird
83%
Trump Melania
83%
Monroe Elizabeth
81%
Polk Sarah
81%
Eisenhower Mamie
78%
Nixon Patricia
78%
Adams Abigail
77%
Fillmore Abigail
77%
Arthur Ellen
73%
Wilson Ellen
73%
Tyler Letitia and Julia
72%
Hoover Lou
72%
Taft Helen
71%
Carter Rosalynn
68%
Harrison Anna
67%
Coolidge Grace
67%
Pierce Jane
66%
Cleveland Frances
65%
Harrison Caroline
63%
Madison Dolley
63%
Rosevelt Edith
63%
Taylor Margaret
63%
Truman Bess
62%
McKinley Ida
60%
Hayes Lucy
60%
Quincy Adams Louisa
59%
Harding Florence
58%
Buchanan Harriet
58%
Garfield Lucretia
53%
Jackson Rachel
43%
Van Buren Angelica
39%
Grant Julia Dent
12%
No matching quizzes found
Score Distribution
Percent of People with Each Score
Percentile by Number Answered
Your Score History
You have not taken this quiz